000 00755nam a2200217Ii 4500
003 JO-AjNU
008 230605s9999||||xx |||||||||||||| ||und||
040 _aJO-AjNU
_bara
_erda
_cJO-AjNU
041 _aara
050 1 4 _aTP1120.T8512 1996
100 3 _aخليفة ، سليمان,
_eauthor
_935637
245 0 0 _aتكنولوجيا وقوالب الحقن
250 _aط1
264 3 1 _aدمشق: دار دمشق للنشر، 1996
300 _a302ص
_bصور توضيحية
336 _atext
_btxt
_2rdacontent
337 _aunmediated
_bn
_2rdamedia
338 _avolume
_bnc
_2rdacarrier
490 0 _aسلسلة شذى لعلم البلاستيك3
650 4 _aالبلاستيك -- صناعة -البلاستيك-ضبط الجودة
_935638
999 _aA14732
_c18300
_d18300